000 00309nam a2200109 4500
999 _c9728
_d9728
008 180716b ||||| |||| 00| 0 eng d
245 _aKing durians:
_bDavao City defends Davraa overall title.
260 _aDavao City
_bSun Star Davao
_cc2016
300 _apage 20.
650 0 _928905
_aSports.
942 _2ddc
_cPER